| 000 | 00669nam a2200205 a 4500 | ||
|---|---|---|---|
| 003 | 0 | ||
| 005 | 20170228145553.0 | ||
| 008 | 001118s19uu xx 00 eng d | ||
| 020 | _a1-85270-010-6 | ||
| 050 |
_aTR(GS 513.2 _bMER 1987 |
||
| 100 | _aMerttens, Ruth | ||
| 245 |
_aAdding and subtracting : _bactivities on addition, subtraction, measure and money / _cby Ruth Merttens ; illustrated by John Farman. |
||
| 260 |
_a[s.l.] : _bOctopus pub. Group, _c1987. |
||
| 300 | _a31 p. ; col. | ||
| 440 | _aThe Parent and Child Program | ||
| 650 | _aAddition -- study and teaching | ||
| 650 | _aSubtraction -- study and teaching | ||
| 942 |
_2ddc _cBK |
||
| 999 |
_c102885 _d102885 |
||